[Event "Yerevan ol (Men)"]
[Site "Yerevan"]
[Date "1996.??.??"]
[Round "12"]
[White "Xu Jun"]
[Black "Adams, Michael"]
[Result "1/2-1/2"]
[WhiteElo "2505"]
[BlackElo "2685"]

1.d4 d6 2.c4 e5 3.Nf3 e4 4.Ng5 f5 5.Nc3 Be7 6.Nh3 c6 7.e3 Nf6 8.Nf4 Na6 9.h4 Nc7
10.d5 O-O 11.Be2 Nd7 12.g3 a5 13.b3 Bf6 14.Bb2 Be5 15.Qd2 Nc5 16.Rb1 Bd7
17.O-O Be8 18.Rfd1 Bf7 19.Ba3 N7a6 20.Na4 Qc7 21.Nxc5 Nxc5 22.Bb2 Rfd8 23.Ba1 Nd7
24.a3 c5 25.a4 Nf6 26.Kg2 Qe7 27.Bc3 b6 28.Rh1 g6 29.Qb2 Re8  1/2-1/2

[Event "Skolernes Skakklub"]
[Site "Aarhus"]
[Date "1997.06.21"]
[Round "2"]
[White "Hansen, Curt"]
[Black "Adams, Michael"]
[Result "1/2-1/2"]
[WhiteElo "2605"]
[BlackElo "2665"]

1.Nf3 Nf6 2.c4 e6 3.Nc3 Bb4 4.g3 b6 5.Bg2 Bb7 6.d3 Bxc3+ 7.bxc3 d6 8.O-O O-O
9.e4 Nfd7 10.Nd4 Nc6 11.a4 Ne7 12.Bg5 c5 13.e5 Nxe5 14.Bxb7 Rb8 15.Nxe6 fxe6
16.Bg2 h6 17.Bxe7 Qxe7 18.Qe2 Kh8 19.d4 Nd7 20.a5 Nf6 21.Rfe1 Rfe8 22.Bc6 Rec8
23.Bd5 Nxd5 24.cxd5 cxd4 25.cxd4 e5 26.axb6 axb6 27.dxe5 Qxe5 28.Qxe5 dxe5
29.Rxe5 b5 30.d6 Rd8 31.Rd1  1/2-1/2

[Event "Skolernes Skakklub"]
[Site "Aarhus"]
[Date "1997.06.25"]
[Round "6"]
[White "Hellers, Ferdinand"]
[Black "Adams, Michael"]
[Result "0-1"]
[WhiteElo "2585"]
[BlackElo "2665"]

1.e4 e5 2.Nf3 Nc6 3.Bb5 a6 4.Ba4 Nf6 5.O-O b5 6.Bb3 Bc5 7.Nxe5 Nxe5 8.d4 Bxd4
9.Qxd4 d6 10.c4 bxc4 11.Bxc4 c5 12.Qd1 Nxc4 13.Qa4+ Bd7 14.Qxc4 Bb5 15.Qc2 Bxf1
16.Kxf1 O-O 17.Bg5 h6 18.Bxf6 Qxf6 19.Nc3 Qf4 20.Kg1 f5 21.Rd1 fxe4 22.Nxe4 Rae8
23.Nc3 Kh8 24.f3 Re6 25.h3 Qh4 26.Ne4 c4 27.Qxc4 Rg6 28.Kh1 Qf4 29.Qe2 a5
30.Qd3 Rf5 31.Nxd6 Qg3 32.Rg1 Rh5 33.Nf7+ Kh7 34.Qd7 Rf6 35.Rf1 Rhf5 36.Nd8 Rg6
37.Qd2 Rd5  0-1

[Event "BCF-ch"]
[Site "Hove"]
[Date "1997.08.15"]
[Round "11"]
[White "Adams, Michael"]
[Black "Kosten, Anthony C"]
[Result "1-0"]
[WhiteElo "2680"]
[BlackElo "2530"]

1.e4 e5 2.Nf3 Nc6 3.Bb5 a6 4.Ba4 Nf6 5.O-O Be7 6.Re1 b5 7.Bb3 O-O 8.h3 Bb7
9.d3 d6 10.a3 Qd7 11.Nc3 Rae8 12.Nd5 Na5 13.Nxe7+ Qxe7 14.Ba2 c5 15.Nh4 Nc6
16.c3 Bc8 17.Bg5 Kh8 18.Bd5 Nd8 19.Nf5 Qc7 20.Bxf6 gxf6 21.Qf3 Rg8 22.g3 Ne6
23.Kh2 Ng5 24.Qe3 Rg6 25.a4 bxa4 26.Rxa4 Reg8 27.Rea1 Ne6 28.Nh4 Rg5 29.Qf3 Qe7
30.Nf5 Qf8 31.Rxa6 Nc7 32.Nxd6 Nxd5 33.Nxc8 Qxc8 34.exd5 Rf5 35.Qe2 Qd8 36.c4 Qf8
37.Ra8 Qh6 38.d6  1-0

[Event "Iona Tech Masters"]
[Site "Kilkenny"]
[Date "1997.11.28"]
[Round "4"]
[White "Adams, Michael"]
[Black "King, Daniel J"]
[Result "1-0"]
[WhiteElo "2680"]
[BlackElo "2530"]

1.e4 c5 2.Nc3 d6 3.Nf3 Nf6 4.g3 Nc6 5.Bg2 Bg4 6.h3 Bxf3 7.Bxf3 g6 8.Bg2 Bg7
9.d3 O-O 10.O-O Nd7 11.Bg5 h6 12.Be3 Rc8 13.Rb1 Nd4 14.Qd2 Kh7 15.Nd1 b5
16.c3 Nc6 17.a3 a5 18.f4 b4 19.Nf2 Nb6 20.h4 e6 21.f5 bxc3 22.bxc3 Ne5 23.Bf4 Na4
24.Kh1 Qd7 25.Bxe5 dxe5 26.Ng4 h5 27.Qh6+ Kg8 28.fxg6 fxg6 29.Nxe5 Bxe5 30.Bh3 Rxf1+
31.Rxf1 Bg7 32.Qxg6 Re8 33.Rf6 Nxc3 34.Bxe6+ Rxe6 35.Rxe6 Kf8 36.Kg2 Nb5
37.Rb6 Nc7 38.Qxh5 Ne6 39.Qg6 Nd8 40.Rd6 Qe7 41.Qf5+ Nf7 42.Rd7 Qf6 43.Qxc5+ Kg8
44.Qf5 Qxf5 45.exf5 Nh6 46.Rd5  1-0

[Event "Iona Tech Masters"]
[Site "Kilkenny"]
[Date "1997.11.28"]
[Round "6"]
[White "Adams, Michael"]
[Black "Bellin, Robert"]
[Result "1-0"]
[WhiteElo "2680"]
[BlackElo "2400"]

1.e4 e5 2.Nf3 Nc6 3.Bb5 a6 4.Ba4 Nf6 5.O-O d6 6.Bxc6+ bxc6 7.d4 Nxe4 8.Re1 f5
9.dxe5 d5 10.c4 Be6 11.Nc3 Bc5 12.Be3 Nxc3 13.bxc3 Bxe3 14.Rxe3 dxc4 15.Nd4 Qd7
16.Qh5+ g6 17.Qg5 O-O 18.h4 c5 19.Ne2 Rae8 20.Nf4 Qe7 21.Qg3 Kh8 22.Rd1 Rg8
23.Qg5 Qxg5 24.hxg5 Rg7 25.Kh2 Rge7 26.Kg3 Kg8 27.Nd5 Bxd5 28.Rxd5 Kf7 29.Rxc5 Ke6
30.Rxc4 Kd5 31.Rd4+ Kc5 32.f4 a5 33.Red3 c6 34.Kf3 Kb5 35.g4 fxg4+ 36.Kxg4 c5
37.a4+  1-0

[Event "FIDE-Wch k.o."]
[Site "Groningen"]
[Date "1997.12.12"]
[Round "2.2"]
[White "Giorgadze, Giorgi"]
[Black "Adams, Michael"]
[Result "0-1"]
[WhiteElo "2625"]
[BlackElo "2680"]

1.d4 Nf6 2.c4 e6 3.Nc3 Bb4 4.e3 O-O 5.Ne2 d5 6.a3 Be7 7.cxd5 exd5 8.b4 b6
9.Nf4 c6 10.Bd3 Bd6 11.Nfe2 Re8 12.Ng3 c5 13.Nb5 Bxg3 14.hxg3 a6 15.Bxh7+ Nxh7
16.Qh5 axb5 17.Qxh7+ Kf8 18.Qh8+ Ke7 19.Qxg7 Rg8 20.Qh7 Nd7 21.dxc5 Nf6 22.Qh4 Rg4
23.Qh6 bxc5 24.Bb2 Ra6 25.Rd1 cxb4 26.axb4 Rxb4 27.Bd4 Rxd4 28.exd4 Re6+
29.Kf1 b4 30.Qd2 Qd6 31.Rh8 Ne4 32.Qe3 Kd7 33.Ra1 Bb7 34.Kg1 Kc7 35.Qd3 Rh6
36.Rxh6 Qxh6 37.Rb1 Qh1+ 38.Kxh1 Nxf2+ 39.Kg1 Nxd3 40.Kf1 Ba6 41.Ke2 b3 42.Kd2 b2
43.Rf1 Ne5  0-1

[Event "FRA-chT9697 groupe B"]
[Site "France"]
[Date "1997.??.??"]
[Round "4"]
[White "Adams, Michael"]
[Black "Knezevic, Bojan"]
[Result "1-0"]
[WhiteElo "2660"]
[BlackElo "2370"]

1.e4 c5 2.Nf3 Nc6 3.d4 cxd4 4.Nxd4 Qb6 5.Nb3 Nf6 6.Nc3 e6 7.Qe2 Bb4 8.Bd2 O-O
9.a3 Bxc3 10.Bxc3 e5 11.O-O-O Rd8 12.Rd6 Qc7 13.Rxf6 gxf6 14.Qg4+ Kh8 15.Qh4 Qd6
16.f4 Qe7 17.Bb5 Re8 18.Rd1 d6 19.Na5 Bd7 20.Nxb7 Nd4 21.Rxd4 Bxb5 22.Nxd6 exd4
23.Bxd4 Qxd6 24.Bxf6+ Qxf6 25.Qxf6+ Kg8 26.Qg5+ Kf8 27.Qxb5 Rxe4 28.Qc5+ Kg8
29.b4 h6 30.Qc6 Re1+ 31.Kb2 Rd8 32.Qxh6 Rd2 33.Qg5+ Kf8 34.Qc5+  1-0

[Event "FRA-chT9697 groupe B"]
[Site "France"]
[Date "1997.??.??"]
[Round "5"]
[White "Kozakov, Mikhail"]
[Black "Adams, Michael"]
[Result "0-1"]
[WhiteElo "2435"]
[BlackElo "2660"]

1.e4 e5 2.Nf3 Nc6 3.Nc3 Nf6 4.d4 exd4 5.Nxd4 Bc5 6.Be3 Bb6 7.Nxc6 bxc6 8.Bxb6 axb6
9.Bd3 O-O 10.O-O d6 11.Re1 Ng4 12.h3 Ne5 13.f4 Nxd3 14.Qxd3 Qh4 15.Qf3 Bb7
16.a3 Rae8 17.Qf2 Qh5 18.a4 Qa5 19.Qd4 c5 20.Qc4 Re7 21.Kf2 Ba6 22.Qb3 c4
23.Qa3 Bb7 24.Rad1 Qh5 25.Qb4 Qh4+ 26.g3 Qxh3 27.Qxc4 Qh2+ 28.Kf3 Rfe8 29.Nd5 Bxd5
30.Rxd5 h5 31.Qe2 Qh3 32.Kf2 h4 33.Qf3 Qh2+ 34.Qg2 hxg3+ 35.Kf3 Rxe4 36.Rxe4 Qxg2+
37.Kxg2 Rxe4 38.a5 bxa5 39.Kxg3 Rb4 40.b3 a4  0-1

[Event "FRA-chT9697 groupe B"]
[Site "France"]
[Date "1997.??.??"]
[Round "6"]
[White "Adams, Michael"]
[Black "Bernard, Christophe"]
[Result "1-0"]
[WhiteElo "2660"]
[BlackElo "2365"]

1.e4 d6 2.d4 Nf6 3.Nc3 g6 4.Be3 c6 5.Qd2 b5 6.Bd3 Nbd7 7.Nf3 e5 8.h3 exd4
9.Nxd4 Bb7 10.Nf3 Bg7 11.Bh6 O-O 12.O-O Ne5 13.Nxe5 dxe5 14.a4 b4 15.Ne2 c5
16.Ng3 Bxh6 17.Qxh6 c4 18.Bxc4 Nxe4 19.Nxe4 Bxe4 20.Bb3 Rc8 21.Rad1 Qe7 22.Rd2 Rfd8
23.Rfd1 Rxd2 24.Qxd2 Bf5 25.Re1 h5 26.a5 Kg7 27.Re3 Qc5 28.a6 Bxc2 29.Bxc2 Qxc2
30.Qxb4 Rc4 31.Qe7 Qxb2 32.Rf3 Rf4 33.Qxa7 Qc1+ 34.Kh2 Rxf3 35.gxf3 Qf4+
36.Kg2 Qg5+ 37.Kf1 Qc1+ 38.Ke2 Qc2+ 39.Ke3 Qc3+ 40.Ke4 Qe1+ 41.Kd5 Qa5+ 42.Kc6 Qa4+
43.Kc7 Qc4+ 44.Kb8 Qb4+ 45.Qb7 Qd6+ 46.Kc8 Qe6+ 47.Kc7 Qe7+ 48.Kc6 Qe6+ 49.Kc5 Qa2
50.a7 Qa3+ 51.Kc6 Qa4+ 52.Kc7 Qa5+ 53.Kc8 Qc5+ 54.Kd7 Qd4+ 55.Ke8 Qa4+ 56.Qd7 Qa2
57.h4 Kg8 58.Qb7 Qa4+ 59.Kd8 Qd4+ 60.Kc8 Qc5+ 61.Qc7 Qa3 62.Qb8 Qc3+ 63.Kd7+  1-0

[Event "BCF-ch"]
[Site "Hove"]
[Date "1997.??.??"]
[Round "2"]
[White "Ferguson, Mark"]
[Black "Adams, Michael"]
[Result "0-1"]
[WhiteElo "2420"]
[BlackElo "2680"]

1.e4 e5 2.Nf3 Nc6 3.Bc4 Bc5 4.c3 Nf6 5.d3 a6 6.O-O Ba7 7.Bb3 d6 8.Be3 Bxe3
9.fxe3 O-O 10.Nbd2 Na5 11.Bc2 c5 12.a3 b5 13.Qe1 c4 14.d4 Re8 15.Qg3 Ra7
16.Nh4 Nh5 17.Qf2 Nf6 18.h3 h6 19.Rae1 Nc6 20.Nf5 Bxf5 21.Qxf5 Ne7 22.Qf2 Ng6
23.Kh2 Rc7 24.Qg3 Nh5 25.Qg4 Qh4 26.Qxh4 Nxh4 27.g4 Nf6 28.Kg3 Ng6 29.h4 Nf8
30.Rf5 N6d7 31.Ref1 Re7 32.R5f2 Ne6 33.Nf3 g6 34.Rd1 Kg7 35.Ra1 a5 36.Rd2 Nf6
37.Rdd1 h5 38.g5 Ng4 39.Re1 Re8 40.Nh2 Nxh2 41.Kxh2 Rf8 42.Rf1 f6 43.gxf6+ Rxf6
44.Rxf6 Kxf6 45.Kg3 Ke7 46.Rd1 a4 47.Rd2 Rc8 48.Bd1 Nc7 49.Bf3 Rd8 50.Bg2 Ne8
51.Bf3 Nf6 52.Rd1 Re8 53.Re1 Kf7 54.Re2 Re6 55.Re1 Kg7 56.Re2 Kh6 57.Re1 Re7
58.Re2 g5 59.Re1 Rg7 60.Rd1 Ng4 61.dxe5 Nxe5 62.Rxd6+ Rg6 63.hxg5+ Kxg5 64.Rd8 Kf6+
65.Kf2 Rg5 66.Rd6+ Kg7 67.Be2 h4 68.Rd1 Rg6 69.Rd5 Rg5 70.Rd1 h3 71.Rh1 Nd3+
72.Bxd3 cxd3 73.Rxh3 Rg1 74.Kxg1 d2 75.Rg3+ Kh6 76.Kf2 d1=Q 77.Rg2 Kh5 78.e5 Qd5
79.e6 Qxe6 80.Kf3 Qf5+ 81.Ke2 Kh4 82.Rf2 Qc2+ 83.Kf3 Qd1+ 84.Kg2 Qg4+ 85.Kf1 Kh3
86.Ke1 Qe4 87.Rd2 Qb1+ 88.Ke2 Kg3 89.e4 Qxe4+ 90.Kd1 Qb1+ 91.Ke2 Kg2 92.Ke3+ Kf1
93.Rf2+ Ke1 94.Rh2 Qc1+ 95.Kd3 Qd1+ 96.Ke3 Qd5 97.Re2+ Kd1  0-1

[Event "Koge op"]
[Site "Koge"]
[Date "1997.??.??"]
[Round "2"]
[White "Mortensen, Erling"]
[Black "Adams, Michael"]
[Result "0-1"]
[WhiteElo "2455"]
[BlackElo "2680"]

1.e4 e5 2.Nf3 Nc6 3.Bb5 a6 4.Ba4 Nf6 5.O-O b5 6.Bb3 Bc5 7.c3 d6 8.d4 Bb6
9.Bg5 h6 10.Bd5 Bd7 11.Bxf6 Qxf6 12.Na3 Rd8 13.Nc2 O-O 14.Qd3 Ne7 15.Bb7 a5
16.Ne3 exd4 17.cxd4 a4 18.Nd5 Nxd5 19.Bxd5 c6 20.e5 dxe5 21.dxe5 Qe7 22.Be4 Be6
23.Qc2 c5 24.b3 axb3 25.axb3 c4 26.bxc4 Bxc4 27.Rfe1 Rc8 28.Ra6 Qc5 29.Raa1 b4
30.h3 b3 31.Qb2 Be6 32.Red1 Rfd8 33.Rxd8+ Rxd8 34.Rc1 Qb4 35.Re1 Bd4 36.Qb1 Bc3
37.Re3 b2 38.Kh2 Qa5 39.g3 Ba2 40.Qf1 Qb4 41.Kg2 Qxe4  0-1

[Event "Academics-Philistines m"]
[Site "London"]
[Date "1997.??.??"]
[Round "?"]
[White "Norwood, David"]
[Black "Adams, Michael"]
[Result "0-1"]
[WhiteElo "2515"]
[BlackElo "2680"]

1.Nf3 Nf6 2.g3 g6 3.Bg2 Bg7 4.d4 O-O 5.O-O d5 6.Nbd2 a5 7.Re1 Nc6 8.c3 Bf5
9.Nh4 Be6 10.e4 dxe4 11.Nxe4 Nxe4 12.Bxe4 Bd5 13.Bd3 e5 14.c4 Be6 15.d5 Nb4
16.Bf1 Bd7 17.Bd2 b6 18.Bc3 Re8 19.a3 Na6 20.b4 e4 21.Qd2 Nb8 22.c5 Bxc3
23.Qxc3 Ba4 24.Bc4 Nd7 25.c6 Nf6 26.b5 Nxd5 27.Qd2 Nf6 28.Qh6 Qd4 29.Rac1 Qxf2+
30.Kxf2 Ng4+ 31.Ke2 Nxh6 32.Ng2 Nf5 33.Nf4 Nd6 34.Nd5 Nxc4 35.Nxc7 Nxa3 36.Nxa8 Rxa8
37.Kf2 Bxb5 38.Rxe4 Rc8 39.c7 Nc4 40.Rexc4 Bxc4 41.Rxc4 Kf8 42.Rc6 Ke7 43.Ke3 Kd7
44.Rxb6 Rxc7 45.Ra6 Rc5 46.Kd4 Rh5 47.h4 Rf5 48.g4 Rf4+ 49.Ke5 Rxg4 50.Ra7+ Kc6
51.Rxa5 Rxh4  0-1

[Event "Sutton op"]
[Site "Sutton"]
[Date "1997.??.??"]
[Round "?"]
[White "Ferguson, Mark"]
[Black "Adams, Michael"]
[Result "1/2-1/2"]
[WhiteElo "2390"]
[BlackElo "2665"]

1.e4 c6 2.d4 d5 3.e5 Bf5 4.Nf3 e6 5.Be2 Nd7 6.O-O h6 7.c3 Ne7 8.Na3 Bh7 9.Nc2 c5
10.Nce1 Nc6 11.Bd3 Bxd3 12.Nxd3 Qb6 13.Nf4 cxd4 14.cxd4 Be7 15.Rb1 a5 16.Be3 a4
17.Ne1 g6 18.Qg4 h5 19.Qd1 Nb4 20.a3 Nc6 21.Nf3 Qa6 22.Nh3 Rc8 23.Bg5 Bxg5
24.Nhxg5 Ne7 25.Qd2 Nf5 26.Rbc1 Rc6 27.Rxc6 bxc6 28.Qb4 Qb5 29.Qxb5 cxb5
30.Rc1 Ke7 31.Rc7 Rb8 32.g3 Kd8 33.Ra7 Nh6 34.h3 Ke8 35.Nh7 Nb6 36.Nfg5 Nc4
37.Nf6+ Kd8 38.g4 Nxb2 39.Ng8 Nxg8 40.Nxf7+ Ke8 41.Nd6+ Kd8 42.Nf7+  1/2-1/2

[Event "Sutton op"]
[Site "Sutton"]
[Date "1997.??.??"]
[Round "?"]
[White "Bates, Richard"]
[Black "Adams, Michael"]
[Result "0-1"]
[WhiteElo "2310"]
[BlackElo "2665"]

1.d4 d6 2.Nf3 Bg4 3.c4 Nd7 4.d5 e5 5.dxe6 Bxe6 6.e4 g6 7.Nd4 Bg7 8.Nc3 Ngf6
9.Be2 O-O 10.O-O Qe7 11.Re1 c6 12.Bf1 a5 13.h3 Nc5 14.Bf4 Rad8 15.Qd2 Rfe8
16.Rad1 Bc8 17.f3 Nh5 18.Bh2 Be5 19.f4 Bg7 20.g4 Nf6 21.Bg2 Nfd7 22.Qf2 a4
23.a3 Nb6 24.Bf1 Qc7 25.Bg3 f6 26.f5 Qf7 27.Nc2 Bf8 28.Qd4 Nbd7 29.Bxd6 b6
30.Bxf8 Qxf8 31.Qe3 Ne5 32.Rxd8 Rxd8 33.Rd1 Rxd1 34.Nxd1 Ba6 35.Nb4 Bxc4
36.Nxc6 Bxf1 37.Nxe5 Qd6 38.Qe1 Bxh3 39.Nc4 Qf4 40.Nce3 Nxe4 41.fxg6 hxg6
42.Qh4 Ng5 43.Qf2 Nf3+ 44.Kh1 Qh6  0-1

[Event "Sutton op"]
[Site "Sutton"]
[Date "1997.??.??"]
[Round "?"]
[White "Adams, Michael"]
[Black "Mah, Karl"]
[Result "1-0"]
[WhiteElo "2665"]
[BlackElo "2305"]

1.e4 c5 2.Nf3 d6 3.Bc4 Nc6 4.d3 g6 5.O-O Bg7 6.a3 e6 7.Ba2 Nge7 8.Re1 O-O
9.Nbd2 b6 10.Nf1 Bb7 11.h4 Qc7 12.Ne3 Rad8 13.Rb1 d5 14.exd5 exd5 15.h5 Nd4
16.Nxd4 cxd4 17.Ng4 Qd6 18.Qf3 Nf5 19.Bf4 Qc6 20.Re2 Rde8 21.Rbe1 Rxe2 22.Rxe2 Qb5
23.Bb3 Re8 24.Rxe8+ Qxe8 25.h6 Bh8 26.Bxd5 Nh4 27.Qh3 Bxd5 28.Qxh4 f5 29.Nf6+ Bxf6
30.Qxf6 Qf7 31.Qd8+  1-0

[Event "Sutton op"]
[Site "Sutton"]
[Date "1997.??.??"]
[Round "?"]
[White "Adams, Michael"]
[Black "Collinson, Adam"]
[Result "1/2-1/2"]
[WhiteElo "2665"]
[BlackElo "2380"]

1.e4 c5 2.Nf3 d6 3.Bc4 Nf6 4.d3 Nc6 5.Bb3 h6 6.O-O e5 7.c3 Be7 8.Nbd2 O-O
9.Re1 Be6 10.Bxe6 fxe6 11.a3 a6 12.b4 cxb4 13.axb4 Rc8 14.Qb3 d5 15.Nf1 Bd6
16.Ng3 Kh8 17.h3 Rf7 18.Be3 Rd7 19.b5 axb5 20.Qxb5 Qe8 21.Ra4 Qf7 22.Rea1 Kh7
23.Qb1 Bb8 24.Bb6 Kg8 25.Ra8 Qe8 26.Nd2 Bc7 27.Rxc8 Qxc8 28.Bc5 Bd6 29.Nb3 Bxc5
30.Nxc5 Rc7 31.Na4 Qd8 32.Qb3 Qd6 33.exd5 exd5 34.Ne4 Nxe4 35.dxe4 b5 36.Nb6 Ne7
37.Nxd5 Nxd5 38.Rd1 Rc5 39.exd5 Kh7 40.Qb4 g6 41.h4 h5 42.g3 Kg7 43.Rd3 Kf6
44.Kg2 Ke7 45.f3 Kd7 46.Qe4 Kc7 47.Kh3 Rc4 48.Qe2 Rc5 49.Qa2 Kd7 50.Qa8 Ke7
51.Kg2 Kf7 52.Qb7+ Qc7 53.Qa6 Rxc3 54.Qe6+ Kg7 55.d6 Rc2+ 56.Kh3 Qc5 57.Qe7+ Kg8
58.Qd8+ Kg7 59.Qd7+ Kg8 60.Qd8+ Kg7 61.Qd7+ Kg8 62.Qe6+ Kg7 63.g4 Rh2+ 64.Kxh2  1/2-1/2

[Event "Hoogovens Blitz"]
[Site "Wijk aan Zee"]
[Date "1998.01.19"]
[Round "2"]
[White "Karpov, Anatoly"]
[Black "Adams, Michael"]
[Result "1/2-1/2"]
[WhiteElo "2735"]
[BlackElo "2670"]

1.Nf3 Nf6 2.c4 e6 3.d4 b6 4.g3 Ba6 5.b3 Bb4+ 6.Bd2 Be7 7.Nc3 c6 8.e4 d5 9.e5 Ne4
10.Bd3 Nxd2 11.Qxd2 Bb7 12.cxd5 cxd5 13.O-O Ba6 14.a3 Bxd3 15.Qxd3 O-O 16.Rfc1 Nc6
17.b4 Rc8 18.Ne2 f6 19.exf6 Bxf6 20.Nf4 Qd6 21.Re1 e5 22.dxe5 Nxe5 23.Nxe5 Bxe5
24.Nxd5 Kh8 25.Rad1 Bb2 26.a4 g6 27.h4 Bg7 28.Re2 Rf7 29.Ne7 Qxd3 30.Rxd3 Rcf8
31.Nc6 Rc7 32.b5 a6 33.Rd5 axb5 34.axb5 Rcf7 35.Kg2 h6 36.Rd6 Kh7 37.Ne7 Rf6
38.Rxf6 Rxf6 39.f4 Rd6 40.Nc6 Rd5 41.Re7 Rxb5 42.Nd8 Kg8 43.Ne6 Bf6 44.Rb7 Rb2+
45.Kh3 h5 46.Rd7 b5 47.Rd6 Kf7 48.Nc5 Be7 49.Rd5 b4 50.Nd3 Rb1 51.Rb5 Rd1
52.Ne5+ Kf6 53.Rb6+ Bd6 54.Nc4 Ke7 55.Nxd6 Rxd6 56.Rxb4 Rd2 57.Rb5 Kf7 58.Rb1 Kg7
59.Rg1 Kf6 60.Rg2 Rd1 61.Rb2 Kf5 62.Rb5+ Kf6 63.Kg2 Rd3 64.Kf2 Ra3 65.Rb2 Kf5
66.Rb5+ Kf6 67.Re5 Rb3 68.Re3 Rb2+ 69.Kf3 Rb4 70.Ra3 Rc4 71.g4 hxg4+ 72.Kxg4 Rb4
73.Ra6+ Kf7 74.Ra5 Rb1  1/2-1/2

[Event "Hoogovens Blitz"]
[Site "Wijk aan Zee"]
[Date "1998.01.19"]
[Round "3"]
[White "Adams, Michael"]
[Black "Topalov, Veselin"]
[Result "1/2-1/2"]
[WhiteElo "2670"]
[BlackElo "2740"]

1.d4 f5 2.Bg5 g6 3.h4 h6 4.Bf4 d6 5.e3 Nf6 6.c3 Bg7 7.Bc4 e6 8.Nd2 Qe7 9.Bg3 Nc6
10.Ne2 e5 11.Qc2 Be6 12.O-O-O O-O-O 13.Bb5 Bd7 14.c4 Kb8 15.d5 Nb4 16.Qb3 Bxb5
17.Qxb4 Be8 18.Nc3 g5 19.f3 c5 20.dxc6 Bxc6 21.Nb3 g4 22.Rhf1 gxf3 23.gxf3 Rd7
24.Kb1 Rc8 25.Na5 Ka8 26.Rd2 h5 27.Nxc6 bxc6 28.Rfd1 Bf8 29.e4 fxe4 30.fxe4 Qh7
31.Ka1 d5 32.Qa4 d4 33.Qa6 Rb7 34.Bxe5 dxc3 35.Bxc3 Nxe4 36.Rd8 Qc7 37.Rxc8+ Qxc8
38.Be5 Qe8 39.Qa5 Rd7 40.Re1 Nc5 41.Bg3 Qd8 42.Qxd8+ Rxd8 43.a3 Bg7 44.Re2 Nb3+
45.Kb1 Rd2 46.Re8+ Kb7 47.Rb8+ Ka6 48.Rxb3 Rd1+ 49.Ka2 Rg1 50.Bf4 Rg4 51.Bg5 Rxc4
52.Rb8 Rc2  1/2-1/2

[Event "Hoogovens Blitz"]
[Site "Wijk aan Zee"]
[Date "1998.01.19"]
[Round "8"]
[White "Piket, Jeroen"]
[Black "Adams, Michael"]
[Result "0-1"]
[WhiteElo "2575"]
[BlackElo "2670"]

1.Nf3 Nf6 2.g3 c6 3.Bg2 d5 4.O-O Bg4 5.c4 e6 6.b3 Nbd7 7.Bb2 Bd6 8.d3 O-O
9.Na3 a5 10.Nc2 a4 11.h3 Bh5 12.Bc3 Qe7 13.cxd5 cxd5 14.Ncd4 axb3 15.axb3 Bb4
16.Qd2 Bxc3 17.Qxc3 Rac8 18.Qd2 h6 19.Ra7 Bxf3 20.Nxf3 Rc7 21.Rc1 Rfc8 22.Rxc7 Rxc7
23.Ra8+ Kh7 24.Qf4 Qc5 25.e3 Rc8 26.Rxc8 Qxc8 27.Qb4 b6 28.g4 Kg8 29.g5 hxg5
30.Nxg5 Qc5 31.Qd2 d4 32.exd4 Qxd4 33.Nf3 Qd6 34.d4 Nd5 35.Ng5 Nf4 36.Qc2 Nf8
37.Nf3 f6 38.Bf1 g5 39.Qe4 Kg7 40.h4 g4 41.Nh2 f5 42.Qe3 N8g6 43.f3 g3  0-1

[Event "London m"]
[Site "London"]
[Date "1998.04.16"]
[Round "1"]
[White "Rowson, Jonathan"]
[Black "Adams, Michael"]
[Result "0-1"]
[WhiteElo "2485"]
[BlackElo "2670"]

1.e4 c5 2.Nf3 Nc6 3.d4 cxd4 4.Nxd4 Nf6 5.Nc3 e5 6.Ndb5 d6 7.Nd5 Nxd5 8.exd5 Nb8
9.a4 Be7 10.Be2 O-O 11.O-O Nd7 12.f4 a6 13.Na3 b5 14.Kh1 bxa4 15.Nc4 exf4
16.Bd2 Ne5 17.Ba5 Qe8 18.Nb6 f3 19.Bxf3 Rb8 20.Be2 Bd8 21.Nxc8 Rxc8 22.Bb4 Bc7
23.Bxa6 Ra8 24.Qe2 Rb8 25.Bc3 f5 26.Rf4 Qf7 27.Qd2 Bb6 28.Be2 Rbe8 29.Rfxa4 Ng4
30.Bxg4 fxg4 31.Qd1 h5 32.Ra6 Qf2 33.Rxb6 Qxb6 34.Qd3 Qf2 35.Rg1 Qf5 36.Qd4 Rf7
37.Bb4 Re4 38.Qd2 h4 39.Bxd6 Rd7 40.Ba3 Rxd5  0-1

[Event "London m"]
[Site "London"]
[Date "1998.04.17"]
[Round "2"]
[White "Adams, Michael"]
[Black "Rowson, Jonathan"]
[Result "1-0"]
[WhiteElo "2670"]
[BlackElo "2485"]

1.e4 c5 2.Nf3 d6 3.d4 Nf6 4.Nc3 cxd4 5.Nxd4 a6 6.Be2 e5 7.Nb3 Be7 8.O-O O-O
9.Kh1 Qc7 10.g4 Be6 11.g5 Nfd7 12.Bg4 Re8 13.a4 Bf8 14.a5 Nc6 15.Be3 Nb4
16.Ra4 d5 17.Nxd5 Bxd5 18.exd5 b5 19.axb6 Nxb6 20.Bxb6 Qxb6 21.c3 Nd3 22.Qxd3 Qxb3
23.Bd7 Red8 24.Bc6 Rac8 25.Rxa6 Qxb2 26.Qe3 Bc5 27.Qxc5 Qe2 28.Rfa1 Rxc6
29.Rxc6 Qf3+ 30.Kg1 Qg4+ 31.Kf1 Qh3+ 32.Ke1 Qxh2 33.Rd1 e4 34.Rc8  1-0

[Event "London m"]
[Site "London"]
[Date "1998.04.19"]
[Round "4"]
[White "Adams, Michael"]
[Black "Rowson, Jonathan"]
[Result "1/2-1/2"]
[WhiteElo "2670"]
[BlackElo "2485"]

1.e4 c5 2.Nf3 d6 3.d4 Nf6 4.Nc3 cxd4 5.Nxd4 a6 6.Be2 e5 7.Nb3 Be7 8.O-O O-O
9.Kh1 Qc7 10.g4 Be6 11.g5 Nfd7 12.Bg4 Re8 13.Rg1 Bf8 14.Bxe6 fxe6 15.g6 hxg6
16.Rxg6 Nf6 17.f4 Qf7 18.Rg2 Nbd7 19.fxe5 Nxe5 20.Bg5 Nh7 21.Bh4 Be7 22.Bxe7 Qxe7
23.Nd4 Rf8 24.Qh5 Rf6 25.Rag1 Raf8 26.Qh3  1/2-1/2

[Event "London m"]
[Site "London"]
[Date "1998.??.??"]
[Round "3"]
[White "Rowson, Jonathan"]
[Black "Adams, Michael"]
[Result "0-1"]
[WhiteElo "2485"]
[BlackElo "2670"]

1.e4 e5 2.Nf3 Nc6 3.Bb5 a6 4.Ba4 Nf6 5.O-O Bc5 6.c3 b5 7.Bb3 d6 8.a4 Bg4
9.h3 Bh5 10.d3 Rb8 11.Nbd2 O-O 12.Re1 b4 13.Bc4 Na5 14.Bxa6 c6 15.d4 bxc3
16.dxc5 cxd2 17.Bxd2 Nb3 18.Ra3 Nxc5 19.Bd3 Rxb2 20.Qc1 Qb8 21.Bc2 Nfxe4
22.Rxe4 Bg6 23.Nxe5 Bxe4 24.Bxe4 dxe5 25.Qxc5 Rxd2 26.a5 Qd6 27.Rc3 Qxc5
28.Rxc5 Rc8 29.Rxe5 Kf8 30.Kf1 Ra2 31.Rh5 h6 32.Rc5 Re8 33.f3 Rd8 34.Kg1 Rc8
35.h4 Ke7 36.h5 Kd6 37.Rf5 f6 38.Bd3 c5  0-1

[Event "London m"]
[Site "London"]
[Date "1998.??.??"]
[Round "5"]
[White "Rowson, Jonathan"]
[Black "Adams, Michael"]
[Result "0-1"]
[WhiteElo "2485"]
[BlackElo "2670"]

1.e4 c5 2.Nf3 Nc6 3.d4 cxd4 4.Nxd4 Nf6 5.Nc3 e5 6.Ndb5 d6 7.Nd5 Nxd5 8.exd5 Nb8
9.a4 Be7 10.Be2 O-O 11.O-O Nd7 12.Be3 a6 13.Na3 f5 14.f3 f4 15.Bf2 Qe8 16.Nc4 Qh5
17.Kh1 Rf6 18.g4 fxg3 19.Bxg3 Rg6 20.f4 Qh6 21.Qe1 Nf6 22.fxe5 Ne4 23.Ra3 Rxg3
24.Rxg3 Bh4 25.Rgf3 Bg4 26.R3f2 Nxf2+ 27.Rxf2 Bxf2 28.Qxf2 Rf8 29.Qe1 Qh3  0-1

[Event "NED-chT Playoff"]
[Site "Breda"]
[Date "1999.05.14"]
[Round "2"]
[White "Adams, Michael"]
[Black "De Vreugt, Dennis"]
[Result "1-0"]
[WhiteElo "2716"]
[BlackElo "2417"]

1.e4 e5 2.Nf3 Nc6 3.Bb5 a6 4.Ba4 Nf6 5.O-O Be7 6.Re1 b5 7.Bb3 O-O 8.h3 Bb7
9.d3 d6 10.a3 Qd7 11.Nc3 Rae8 12.a4 b4 13.Nd5 Nxd5 14.Bxd5 Nd8 15.Bxb7 Nxb7
16.d4 exd4 17.Qxd4 a5 18.Qd5 Qc8 19.Bf4 Bf6 20.e5 dxe5 21.Bxe5 Bxe5 22.Rxe5 Rxe5
23.Nxe5 Qf5 24.g4 Qg5 25.Rd1 Nd6 26.Nd7 Qxd5 27.Rxd5 Ra8 28.Rc5 Ra7 29.Ne5 Kf8
30.Nc6 Nb7 31.Rb5 Ra6 32.Nxb4 axb4 33.Rxb7 Rc6 34.Rxb4 Rxc2 35.Kg2 Ke7 36.Kf3 Rc1
37.Rb3 Rc6 38.a5 Ra6 39.Rb5 Kd6 40.b4 Rc6 41.Kg3 Rc3+ 42.f3 Ra3 43.h4 c6
44.Rb7 Ke6 45.Rc7  1-0

[Event "Frankfurt Ordix op"]
[Site "Frankfurt"]
[Date "1999.07.03"]
[Round "1"]
[White "Orsag, Milan"]
[Black "Adams, Michael"]
[Result "0-1"]
[WhiteElo "2360"]
[BlackElo "2716"]

1.e4 e5 2.Nf3 Nc6 3.Bc4 Bc5 4.d3 Nf6 5.O-O d6 6.c3 a6 7.Bb3 Ba7 8.h3 O-O
9.Re1 Kh8 10.Bg5 h6 11.Bh4 g5 12.Nxg5 hxg5 13.Bxg5 Rg8 14.Qd2 Bxf2+ 15.Qxf2 Rxg5
16.Ba4 Rg6 17.Bb3 Rg5 18.Bxf7 Kg7 19.h4 Rg4 20.Bb3 Rf4 21.Qg3+ Bg4 22.Nd2 Nh5
23.Qh2 Qb8 24.g3 Qa7+ 25.d4 Nxd4  0-1

[Event "Frankfurt Ordix op"]
[Site "Frankfurt"]
[Date "1999.07.03"]
[Round "3"]
[White "Pichler, Juergen"]
[Black "Adams, Michael"]
[Result "1-0"]
[WhiteElo "2395"]
[BlackElo "2716"]

1.d4 Nf6 2.Nf3 e6 3.c4 b6 4.Nc3 Bb4 5.Bg5 Bb7 6.e3 h6 7.Bh4 Bxc3+ 8.bxc3 d6
9.Bd3 Nbd7 10.O-O Qe7 11.Nd2 g5 12.Bg3 h5 13.h4 Ng4 14.Nf3 gxh4 15.Nxh4 O-O-O
16.Qe2 Rdg8 17.c5 dxc5 18.Ba6 Nb8 19.Bxb7+ Kxb7 20.a4 a5 21.Rab1 Na6 22.Rb5 Ka7
23.Rfb1 Rb8 24.Qd3 Rhg8 25.Nf3 f6 26.Qe4 Qd7 27.Nd2 f5 28.Qf3 h4 29.Bxh4 Rh8
30.Bg3 Rh7 31.Kf1 Rh1+ 32.Ke2 Rxb1 33.Nxb1 e5 34.Bxe5 Nxe5 35.dxe5 Rd8 36.Ke1 Qd3
37.Rb2 Qc4 38.Rd2 Rh8 39.g3 Qxa4 40.e6 Qb3 41.Qxf5 Qc4 42.Qd5 Qb5 43.Na3 Qa4
44.e7 Qxa3 45.Qe4 Qxc3 46.e8=Q Rxe8 47.Qxe8 Qc1+ 48.Ke2 Qc4+ 49.Kf3 a4 50.Rd8 Kb7
51.Ra8 Qd5+ 52.Kg4 Qc4+ 53.e4 a3 54.Qc8+ Kc6 55.Qxa6 Qxe4+ 56.f4 Qe6+ 57.Kf3 Qd5+
58.Ke3 Qd4+ 59.Ke2 Qe4+ 60.Kd2 Qg2+ 61.Qe2 Qd5+ 62.Kc2 Kd7 63.Qd3 Kc6 64.Qxd5+ Kxd5
65.Rxa3 Ke4 66.Kd2 b5 67.Ra5 c6 68.Ra6 Kd5 69.f5 b4 70.f6 Ke6 71.Rxc6+ Kf7
72.Rxc5 Kxf6 73.Rb5  1-0

[Event "ch-GBR Blitz"]
[Site "London ENG"]
[Date "1999.11.07"]
[Round "18"]
[White "Adams,Mi"]
[Black "Arkell,K"]
[Result "1-0"]
[WhiteElo "2708"]
[BlackElo "2462"]

1.d4 e6 2.e4 d5 3.Nd2 dxe4 4.Nxe4 Nd7 5.Nf3 Ngf6 6.Bg5 Be7 7.Nxf6+ Bxf6 8.h4 b6
9.Bb5 h6 10.Bxf6 Qxf6 11.Bc6 Rb8 12.Qd2 Bb7 13.Bxd7+ Kxd7 14.Ne5+ Ke7 15.O-O-O Rhd8
16.Qe3 Bxg2 17.Rhg1 Bb7 18.Rg4 g5 19.hxg5 hxg5 20.Rxg5 Rg8 21.Rxg8 Rxg8 22.Qa3+ c5
23.Qxa7 Qf4+ 24.Kb1 Qe4 25.Qxb6 cxd4 26.Qc7+ Kf6 27.Nd7+ Kf5 28.Nc5 Qf3 29.Qxf7+  1-0